[Event "2nd EUR-ch (w)"]
[Site "Warsaw POL"]
[Date "2001.04.24"]
[Round "3.16"]
[White "Lomineishvili, Maia"]
[Black "Khukhashvili, Sopiko"]
[Result "0-1"]
[WhiteElo "2437"]
[BlackElo "2326"]
[EventDate "2001.04.21"]
[PlyCount "84"]

1.d4 e6 2.c4 Nf6 3.Nc3 Bb4 4.Qc2 O-O 5.e4 d5 6.e5 Ne4 7.Bd3 c5 8.cxd5 exd5
9.Ne2 Nc6 10.O-O cxd4 11.Nxd5 Qxd5 12.Bxe4 Qxe5 13.Bxh7+ Kh8 14.Bf4 Qf6 
15.Be4 Be6 16.Qd3 Be7 17.Rac1 Kg8 18.Bxc6 bxc6 19.Qxd4 Rfd8 20.Qxf6 Bxf6 
21.b3 a5 22.Rxc6 a4 23.Rb6 Rdc8 24.Rc1 Rxc1+ 25.Nxc1 axb3 26.axb3 Ra1 27.
b4 Rb1 28.Rc6 Rxb4 29.Nd3 Rd4 30.Rd6 Bd5 31.Kf1 Rxd3 32.Ke2 Rd4 33.Ke3 
Re4+ 34.Kf3 Ba8 35.Kg3 Ra4 36.Rb6 Kh7 37.Rb5 Bxg2 38.Rh5+ Kg6 39.Rh8 Bd5 
40.h4 Ra3+ 41.Be3 Be5+ 42.Kg4 f5+ 0-1

[Event "2nd EUR-ch (w)"]
[Site "Warsaw POL"]
[Date "2001.04.24"]
[Round "3.17"]
[White "Kosintseva, Tatiana"]
[Black "Alexandrova, Olga"]
[Result "1-0"]
[WhiteElo "2333"]
[BlackElo "2419"]
[EventDate "2001.04.21"]
[PlyCount "83"]

1.e4 c5 2.c3 d5 3.exd5 Qxd5 4.d4 Nf6 5.Be3 e6 6.Nf3 Nc6 7.dxc5 Qxd1+ 8.
Kxd1 Ng4 9.b4 Nxe3+ 10.fxe3 a5 11.Bb5 Bd7 12.a3 axb4 13.Bxc6 Bxc6 14.cxb4 
b6 15.Nc3 bxc5 16.b5 Bb7 17.a4 c4 18.Kc2 Bb4 19.Nd2 Ke7 20.Rhb1 Ba5 21.
Nxc4 Bxg2 22.Nxa5 Rxa5 23.Rg1 Bd5 24.Rxg7 Rc8 25.Kb2 Bc4 26.Rxh7 Ra7 27.
Rh4 Rd7 28.Rd1 Rxd1 29.Nxd1 Kd6 30.Nc3 f5 31.a5 Rc5 32.Rd4+ Kc7 33.b6+ Kb7
34.Ka3 e5 35.Rd7+ Kb8 36.Kb4 Rc8 37.Na4 f4 38.exf4 exf4 39.b7 Rf8 40.Kxc4 
f3 41.Kc5 Ka7 42.Rd1 1-0

[Event "2nd EUR-ch (w)"]
[Site "Warsaw POL"]
[Date "2001.04.24"]
[Round "3.18"]
[White "Arakhamia-Grant, Ketevan"]
[Black "Voiska, Margarita"]
[Result "1-0"]
[WhiteElo "2427"]
[BlackElo "2320"]
[EventDate "2001.04.21"]
[PlyCount "81"]

1.e4 d5 2.exd5 Nf6 3.d4 Nxd5 4.Nf3 Bf5 5.Be2 e6 6.O-O Be7 7.a3 Nc6 8.c4 
Nb6 9.Nc3 O-O 10.Be3 Bf6 11.Rc1 Qd7 12.c5 Nd5 13.Bb5 Rfd8 14.h3 h6 15.Qd2 
Nxc3 16.bxc3 Be4 17.Nh2 Qd5 18.f3 Bf5 19.Ng4 Bxg4 20.hxg4 a6 21.Bd3 e5 22.
c4 Qd7 23.d5 Nd4 24.Rb1 Qe7 25.Rxb7 Qxc5 26.Qb4 Qd6 27.Qxd6 cxd6 28.Rfb1 
Kf8 29.Kf2 Ke8 30.g5 Be7 31.gxh6 gxh6 32.Bxh6 Rd7 33.Rxd7 Kxd7 34.Rb7+ Ke8
35.Bd2 a5 36.a4 Bd8 37.g4 Rc8 38.g5 Ra8 39.Kg3 Be7 40.Kg4 Rd8 41.g6 1-0

[Event "2nd EUR-ch (w)"]
[Site "Warsaw POL"]
[Date "2001.04.24"]
[Round "3.20"]
[White "Umanskaya, Irina"]
[Black "Galianina-Ryanova, Yulia"]
[Result "0-1"]
[WhiteElo "2313"]
[BlackElo "2389"]
[EventDate "2001.04.21"]
[PlyCount "82"]

1.d4 Nf6 2.Nf3 e6 3.c4 Bb4+ 4.Nbd2 b6 5.a3 Bxd2+ 6.Bxd2 Bb7 7.g3 Bxf3 8.
exf3 d5 9.c5 bxc5 10.dxc5 O-O 11.Be2 c6 12.O-O a5 13.b4 Na6 14.Bc3 Nd7 15.
f4 Qe7 16.Re1 Nc7 17.Bd3 Rfd8 18.Qc2 h6 19.Qb2 f6 20.Qe2 Nf8 21.g4 Qf7 22.
Bd2 Re8 23.g5 hxg5 24.fxg5 e5 25.gxf6 e4 26.Bc2 Qxf6 27.Rab1 Nfe6 28.Qe3 
axb4 29.axb4 Nb5 30.Qg3 Ra2 31.Qb3 Rea8 32.Bxe4 dxe4 33.Be3 R8a3 34.Qc4 
Kf7 35.Rbd1 Ra7 36.Qxe4 Nc3 37.Qxc6 Nxd1 38.Rxd1 Ra1 39.Rxa1 Rxa1+ 40.Kg2 
Nf4+ 41.Bxf4 Qxc6+ 0-1

[Event "2nd EUR-ch (w)"]
[Site "Warsaw POL"]
[Date "2001.04.24"]
[Round "3.22"]
[White "Javakhishvili, Lela"]
[Black "Ovod, Evgenia"]
[Result "1/2-1/2"]
[WhiteElo "2305"]
[BlackElo "2383"]
[EventDate "2001.04.21"]
[PlyCount "54"]

1.d4 Nf6 2.c4 e6 3.Nf3 d5 4.Nc3 dxc4 5.e3 a6 6.a4 c5 7.Bxc4 Nc6 8.O-O cxd4
9.exd4 Be7 10.d5 exd5 11.Nxd5 Nxd5 12.Bxd5 O-O 13.Qb3 Nb4 14.Bc4 Nc6 15.
Rd1 Qc7 16.Bd5 Nb4 17.Bc4 Bg4 18.Rd4 Bxf3 19.gxf3 Nc6 20.Rg4 Bf6 21.Bf4 
Be5 22.Bg3 Na5 23.Qb4 Bxg3 24.hxg3 Nxc4 25.Qxc4 Rac8 26.Qxc7 Rxc7 27.Rd1 
Re8 1/2-1/2

[Event "2nd EUR-ch (w)"]
[Site "Warsaw POL"]
[Date "2001.04.24"]
[Round "3.24"]
[White "Medic, Mirjana"]
[Black "Grabuzova, Tatiana"]
[Result "1-0"]
[WhiteElo "2274"]
[BlackElo "2375"]
[EventDate "2001.04.21"]
[PlyCount "120"]

1.d4 e6 2.c4 b6 3.Nc3 Bb7 4.e4 Bb4 5.f3 f5 6.exf5 Nh6 7.fxe6 Nf5 8.Bf4 
dxe6 9.Qa4+ Nc6 10.d5 Bxc3+ 11.bxc3 exd5 12.O-O-O O-O 13.cxd5 Na5 14.Nh3 
Qf6 15.Kb2 Nd6 16.Qd4 Rae8 17.Qxf6 Rxf6 18.Rd4 Re1 19.Rg1 b5 20.Bxd6 Rxd6 
21.Bxb5 Rxg1 22.Nxg1 Rb6 23.Rb4 Bxd5 24.Bd3 Rd6 25.Ra4 Nc6 26.Kc2 Ne5 27.
Be4 Bc4 28.Rxa7 Bf1 29.f4 Nc4 30.Nf3 Ne3+ 31.Kb2 Nc4+ 32.Kc1 Ne3 33.g3 
Rd1+ 34.Kb2 Nc4+ 35.Kb3 Be2 36.Rxc7 Nd6 37.Ne5 g6 38.Bc2 Rh1 39.a4 Rxh2 
40.Kb4 Nf5 41.Bb3+ Kf8 42.g4 Ne3 43.Nd7+ Ke7 44.Nc5+ Kd6 45.Rd7+ Kc6 46.a5
Bb5 47.Re7 Nc2+ 48.Bxc2 Rxc2 49.Nb3 Kd6 50.Rxh7 Bd7 51.Rg7 Be8 52.f5 gxf5 
53.gxf5 Ra2 54.c4 Rf2 55.a6 Ra2 56.a7 Ra4+ 57.Kc3 Bh5 58.Nd4 Ke5 59.Rg8 
Bf7 60.a8=Q Rxc4+ 1-0

[Event "2nd EUR-ch (w)"]
[Site "Warsaw POL"]
[Date "2001.04.24"]
[Round "3.25"]
[White "Dzagnidze, Nana"]
[Black "Demina, Yulia"]
[Result "1/2-1/2"]
[WhiteElo "2241"]
[BlackElo "2350"]
[EventDate "2001.04.21"]
[PlyCount "66"]

1.d4 Nf6 2.Nf3 e6 3.e3 c5 4.Bd3 Nc6 5.O-O b6 6.b3 g6 7.Nbd2 Bg7 8.Ba3 Nb4 
9.Nc4 O-O 10.Bxb4 cxb4 11.Qd2 d5 12.Nce5 Qd6 13.Ng5 Nd7 14.f4 Nxe5 15.fxe5
Qe7 16.Nf3 Bb7 17.Rf2 Rac8 18.Raf1 a5 19.h4 f6 20.exf6 Bxf6 21.h5 gxh5 22.
Qe2 Qg7 23.Ne5 Bxe5 24.dxe5 Qxe5 25.Bxh7+ Kg7 26.Qd3 Rxf2 27.Rxf2 Qg5 28.
Qd4+ Kxh7 29.Rf7+ Kg8 30.Rxb7 Rxc2 31.Rb8+ Kf7 32.Rb7+ Kf8 33.Rb8+ Kf7 
1/2-1/2

[Event "2nd EUR-ch (w)"]
[Site "Warsaw POL"]
[Date "2001.04.24"]
[Round "3.26"]
[White "Galliamova, Alisa"]
[Black "Krivec, Jana"]
[Result "1-0"]
[WhiteElo "2554"]
[BlackElo "2265"]
[EventDate "2001.04.21"]
[PlyCount "85"]

1.e4 e5 2.Nf3 Nc6 3.Bb5 a6 4.Ba4 Nf6 5.O-O Be7 6.Re1 b5 7.Bb3 d6 8.a4 Bb7 
9.c3 O-O 10.d4 Nd7 11.Na3 b4 12.Nc4 bxc3 13.bxc3 Bf6 14.d5 Ne7 15.Na5 Bc8 
16.Ba3 g6 17.c4 Nc5 18.Bc2 Bg7 19.Qd2 Nb7 20.Nxb7 Bxb7 21.c5 a5 22.Rab1 
Bc8 23.Rb5 Bg4 24.Rxa5 Rxa5 25.Qxa5 Bxf3 26.gxf3 Nc8 27.Bc1 f5 28.Bd3 fxe4
29.Bxe4 dxc5 30.Qxc5 Nd6 31.a5 Qc8 32.Kg2 Nf5 33.Bxf5 Qxf5 34.Qe3 Bh6 35.
Qe4 Bxc1 36.Qxf5 gxf5 37.Rxc1 Ra8 38.Rc5 Ra7 39.Kg3 Kf7 40.Kh4 h6 41.Kh5 
Kg7 42.h4 Kh7 43.Rc6 1-0

[Event "2nd EUR-ch (w)"]
[Site "Warsaw POL"]
[Date "2001.04.24"]
[Round "3.27"]
[White "Kachiani-Gersinska, Ketino"]
[Black "Hlgatian, Goar"]
[Result "1-0"]
[WhiteElo "2456"]
[BlackElo "2258"]
[EventDate "2001.04.21"]
[PlyCount "93"]

1.d4 d5 2.c4 c6 3.Nf3 Nf6 4.Nc3 dxc4 5.a4 Bf5 6.e3 e6 7.Bxc4 Bb4 8.O-O O-O
9.Nh4 Nbd7 10.Qb3 Qb6 11.Nxf5 exf5 12.Rd1 g6 13.Bd2 a5 14.Be1 Qc7 15.Rac1 
Nb6 16.Bf1 Qe7 17.g3 Nbd5 18.Bg2 Nc7 19.Qc4 Rad8 20.Na2 Bxe1 21.Rxe1 Ne4 
22.Nc3 Nd5 23.Nxe4 fxe4 24.Qc5 Rfe8 25.Qxa5 Ra8 26.Qd2 Rxa4 27.Qc2 Rb4 28.
Ra1 Rb6 29.Ra4 Nb4 30.Qc3 Nd3 31.Re2 f5 32.Rd2 Qe6 33.Ra3 Rd8 34.Bf1 Ne1 
35.Bc4 Rd5 36.Rd1 Nf3+ 37.Kg2 Kg7 38.Ra5 Kh6 39.Rc1 Ng5 40.h4 Nf3 41.Bxd5 
cxd5 42.Qc7 Rxb2 43.Qf4+ Kh5 44.Rc7 Qg8 45.g4+ fxg4 46.Rxd5+ g5 47.Rxh7+ 
1-0

[Event "2nd EUR-ch (w)"]
[Site "Warsaw POL"]
[Date "2001.04.24"]
[Round "3.29"]
[White "Manakova, Maria"]
[Black "Costagliola, Marina"]
[Result "1-0"]
[WhiteElo "2395"]
[BlackElo "2254"]
[EventDate "2001.04.21"]
[PlyCount "37"]

1.e4 e5 2.Nf3 Nc6 3.d4 exd4 4.Nxd4 Bc5 5.Nxc6 Qf6 6.Qd2 Qxc6 7.Bd3 Nf6 8.
O-O O-O 9.b4 Bd4 10.c3 Bb6 11.c4 Bd4 12.Nc3 d6 13.Bb2 Kh8 14.b5 Qe8 15.
Rae1 a6 16.Bb1 Ba7 17.Nd5 Nxd5 18.exd5 Qd8 19.Qh6 1-0

[Event "2nd EUR-ch (w)"]
[Site "Warsaw POL"]
[Date "2001.04.24"]
[Round "3.30"]
[White "Celuskina, Irina"]
[Black "Khmiadashvili, Tamara"]
[Result "1-0"]
[WhiteElo "2388"]
[BlackElo "2241"]
[EventDate "2001.04.21"]
[PlyCount "103"]

1.g3 d5 2.Bg2 c6 3.Nf3 g6 4.O-O Bg7 5.d4 Nf6 6.Ne5 O-O 7.c4 dxc4 8.Nxc4 
Be6 9.Ne3 Qd7 10.Nc3 Na6 11.Qa4 Bh3 12.Rd1 Bxg2 13.Kxg2 Rfd8 14.Qb3 Nc7 
15.Nc4 Ncd5 16.Ne5 Qf5 17.f3 Qe6 18.e4 Nb6 19.Qxe6 fxe6 20.Be3 Nfd7 21.Nd3
Nc4 22.Bf2 c5 23.dxc5 Nxb2 24.Nxb2 Bxc3 25.Rab1 Ne5 26.Na4 Rxd1 27.Rxd1 
Ba5 28.f4 Nc6 29.Rd7 Rb8 30.Nb2 Kf8 31.Nc4 Ke8 32.Rd3 Rd8 33.Rb3 Rd7 34.g4
Bc7 35.e5 g5 36.fxg5 Nxe5 37.Nxe5 Bxe5 38.Rh3 Rd2 39.Kf1 Bf4 40.Rxh7 Bxg5 
41.h4 Bf4 42.g5 Kf8 43.g6 e5 44.Rf7+ Kg8 45.Rxe7 Rb2 46.h5 a5 47.a4 Rb4 
48.Bh4 Bh6 49.Bg3 Bf4 50.Bxf4 Rxf4+ 51.Ke2 Rh4 52.Rxb7 1-0

[Event "2nd EUR-ch (w)"]
[Site "Warsaw POL"]
[Date "2001.04.24"]
[Round "3.31"]
[White "Bogza, Adina"]
[Black "Zielinska, Marta"]
[Result "0-1"]
[WhiteElo "2252"]
[BlackElo "2377"]
[EventDate "2001.04.21"]
[PlyCount "166"]

1.d4 d5 2.Nf3 Nf6 3.g3 c6 4.Bg2 Bg4 5.Ne5 Bh5 6.c4 e6 7.Qb3 Qb6 8.c5 Qxb3 
9.axb3 Nfd7 10.Nd3 e5 11.e3 Be7 12.Na3 Na6 13.Kd2 Bf6 14.Re1 Kd8 15.Nc2 
Bg6 16.Bf1 Nc7 17.dxe5 Bxd3 18.exf6 Bxf1 19.Rxf1 Nxc5 20.fxg7 Rg8 21.Nd4 
N7e6 22.Kc2 Rxg7 23.Bd2 Nxd4+ 24.exd4 Ne6 25.Kd3 Kd7 26.f4 f5 27.Rfe1 a6 
28.Re5 Rf8 29.Rae1 Rf6 30.Be3 Rgg6 31.Rg1 Nd8 32.g4 Nf7 33.Rxf5 Rxf5 34.
gxf5 Rxg1 35.Bxg1 Nd6 36.Ke2 Nxf5 37.Kf3 h5 38.Bf2 Kc7 39.Ke2 a5 40.Kd3 
Kd7 41.Be1 b6 42.Bf2 Ke6 43.Be1 Kf7 44.Kc3 Kg6 45.Bf2 Ng7 46.Bh4 Ne6 47.
Be7 Kf5 48.Bd6 Ke4 49.Be5 Nxf4 50.Bc7 b5 51.Bxa5 Ne2+ 52.Kb4 Nxd4 53.Bb6 
Ne6 54.Kc3 d4+ 55.Kd2 Ng5 56.Bc7 Nf3+ 57.Ke2 d3+ 58.Kd1 Kd5 59.h3 Ng1 60.
h4 Nf3 61.Bd8 c5 62.Be7 c4 63.bxc4+ bxc4 64.Bf6 Ke6 65.Bd8 Kf5 66.Be7 Kg4 
67.Bf6 Kg3 68.Kc1 Kf4 69.Kd1 Ke4 70.Be7 Kd5 71.Bf6 Kc5 72.Be7+ Kb5 73.Bd8 
Ka4 74.Bf6 Kb3 75.Kc1 Ka2 76.Be7 Nd4 77.Bf6 Nb3+ 78.Kd1 Nc5 79.Bd4 Na4 80.
Kc1 Kb3 81.Be5 Nxb2 82.Kd2 Na4 83.Bd4 Kb4 0-1

[Event "2nd EUR-ch (w)"]
[Site "Warsaw POL"]
[Date "2001.04.24"]
[Round "3.36"]
[White "Sikorova, Olga"]
[Black "Slavina, Irina"]
[Result "0-1"]
[WhiteElo "2236"]
[BlackElo "2332"]
[EventDate "2001.04.21"]
[PlyCount "150"]

1.e4 d5 2.exd5 Qxd5 3.Nc3 Qa5 4.d4 Nf6 5.Bc4 Bf5 6.Bd2 c6 7.Nf3 e6 8.Ne4 
Qc7 9.Nxf6+ gxf6 10.Nh4 Bg6 11.Bb3 Nd7 12.Qe2 O-O-O 13.Rd1 Nb6 14.Be3 Nd5 
15.O-O Bd6 16.g3 Nxe3 17.Qxe3 Bh5 18.Rd2 Rhg8 19.Ng2 Bg4 20.d5 exd5 21.
Qxa7 Bh3 22.Qa8+ Qb8 23.Qa4 Rg4 24.Rd4 b5 25.Qa6+ Qb7 26.Qxb7+ Kxb7 27.
Rxg4 Bxg4 28.Re1 f5 29.c3 Rg8 30.Bc2 h5 31.f4 b4 32.Nh4 Bxf4 33.cxb4 Bd6 
34.Bxf5 Bxb4 35.Re5 Bd6 36.Re1 Bb4 37.Re5 Bd6 38.Re1 f6 39.Kg2 Be5 40.b3 
Kc7 41.Bxg4 hxg4 42.Nf5 Rb8 43.Rc1 Kd7 44.Rc5 Rb4 45.Rc2 Re4 46.Kf2 Bc7 
47.Re2 Bb6+ 48.Kf1 Ke6 49.Rxe4+ dxe4 50.Nh4 Ke5 51.Ng6+ Kd4 52.Ke2 Bc5 53.
Nf4 Kc3 54.Ne6 Bg1 55.Kf1 Bb6 56.Ke2 Kb2 57.a4 Kxb3 58.a5 Bxa5 59.Nc5+ Kc4
60.Nxe4 Bc3 61.Ke3 Be5 62.Nd2+ Kd5 63.Kd3 c5 64.Nc4 Bd4 65.Nb6+ Kc6 66.Nc4
Bg1 67.Ke4 Bxh2 68.Kf4 Bg1 69.Kxg4 Kd5 70.Nb6+ Ke4 71.Nc4 Be3 72.Nd6+ Kd3 
73.Kf5 Bg5 74.Nb5 c4 75.Na3 c3 0-1

[Event "2nd EUR-ch (w)"]
[Site "Warsaw POL"]
[Date "2001.04.24"]
[Round "3.37"]
[White "Grosar, Kiti"]
[Black "Cosma, Elena-Luminita"]
[Result "1/2-1/2"]
[WhiteElo "2244"]
[BlackElo "2331"]
[EventDate "2001.04.21"]
[PlyCount "54"]

1.e4 c5 2.Nf3 Nc6 3.d4 cxd4 4.Nxd4 Qc7 5.Nc3 e6 6.Be2 a6 7.O-O Nf6 8.Be3 
Bb4 9.Na4 Be7 10.Nxc6 bxc6 11.Nb6 Rb8 12.Nxc8 Qxc8 13.e5 Nd5 14.Bc1 Bc5 
15.c4 Ne7 16.b3 Qc7 17.Bb2 d6 18.exd6 Bxd6 19.g3 Be5 20.Bxe5 Qxe5 21.Bf3 
c5 22.Re1 Qc7 23.Be4 O-O 24.Qh5 h6 25.Rad1 Rfd8 26.Bc2 a5 27.h3 Rbc8 
1/2-1/2

[Event "2nd EUR-ch (w)"]
[Site "Warsaw POL"]
[Date "2001.04.24"]
[Round "3.38"]
[White "Matnadze, Ana"]
[Black "Dolzhikova, Olga"]
[Result "1-0"]
[WhiteElo "2332"]
[BlackElo "2229"]
[EventDate "2001.04.21"]
[PlyCount "67"]

1.d4 Nf6 2.g3 c5 3.d5 b5 4.Bg2 Bb7 5.e4 d6 6.Ne2 g6 7.O-O Bg7 8.a4 bxa4 9.
Rxa4 Nbd7 10.c4 O-O 11.b3 Nb6 12.Ra3 e6 13.dxe6 Bxe4 14.Bxe4 Nxe4 15.Nf4 
f5 16.f3 Nc3 17.Nxc3 Bxc3 18.Nd5 Nxd5 19.Qxd5 Kh8 20.Ra6 Qe7 21.Rxd6 Rad8 
22.Bf4 Rfe8 23.Be5+ Bxe5 24.Qxe5+ Qg7 25.Qxc5 Rxd6 26.Qxd6 Qf6 27.Re1 Kg8 
28.c5 Qc3 29.Kf2 Qxb3 30.Qd7 Qb8 31.Qf7+ Kh8 32.e7 a5 33.Rd1 Rc8 34.Qf6+ 
1-0

[Event "2nd EUR-ch (w)"]
[Site "Warsaw POL"]
[Date "2001.04.24"]
[Round "3.39"]
[White "Pokorna, Regina"]
[Black "Blimke, Dalia"]
[Result "1/2-1/2"]
[WhiteElo "2376"]
[BlackElo "2209"]
[EventDate "2001.04.21"]
[PlyCount "75"]

1.d4 Nf6 2.Nf3 g6 3.Bg5 Bg7 4.Nbd2 d6 5.e4 O-O 6.c3 h6 7.Bf4 c5 8.dxc5 
dxc5 9.Bc4 Nc6 10.O-O b6 11.Re1 Nh5 12.Be3 Qc7 13.a4 Bd7 14.Qc2 Rad8 15.
Rad1 Kh7 16.Nf1 Ne5 17.Nxe5 Bxe5 18.Ng3 Nf4 19.Rd2 Be6 20.Bxe6 Nxe6 21.Rd5
Nf4 22.Bxf4 Bxf4 23.Nf1 e6 24.Rxd8 Rxd8 25.g3 Be5 26.Ne3 g5 27.Qe2 Bg7 28.
Qf3 Rd7 29.Rd1 Rxd1+ 30.Qxd1 Qc6 31.Qe2 Kg8 32.b3 a6 33.Qd3 b5 34.axb5 
axb5 35.Qd8+ Kh7 36.Qd3 Kg8 37.Qd8+ Kh7 38.Qd3 1/2-1/2

[Event "2nd EUR-ch (w)"]
[Site "Warsaw POL"]
[Date "2001.04.24"]
[Round "3.40"]
[White "Lopatskaya, Elena"]
[Black "Kludacz, Magdalena"]
[Result "1-0"]
[WhiteElo "2323"]
[BlackElo "2203"]
[EventDate "2001.04.21"]
[PlyCount "123"]

1.Nf3 d5 2.b3 c6 3.Bb2 Bf5 4.g3 e6 5.Bg2 Nf6 6.O-O Nbd7 7.d3 h6 8.Nbd2 Be7
9.e4 dxe4 10.dxe4 Bh7 11.Qe2 O-O 12.Kh1 Qc7 13.a3 a5 14.e5 Nd5 15.Ne4 Nc5 
16.Nfd2 Rfd8 17.Rad1 Nxe4 18.Nxe4 Nb6 19.c4 Rxd1 20.Rxd1 Rd8 21.Rxd8+ Qxd8
22.h4 Bxe4 23.Bxe4 Nd7 24.Bc2 Nf8 25.Kg2 Bc5 26.Qe1 Bd4 27.Qd2 c5 28.Be4 
b6 29.b4 axb4 30.axb4 f6 31.Bxd4 cxd4 32.exf6 Qxf6 33.c5 bxc5 34.bxc5 Qe5 
35.Qc2 Nd7 36.c6 Nc5 37.Bf3 d3 38.Qa2 Qc7 39.Qa8+ Kf7 40.Qa3 Qb6 41.Qc3 
Qa7 42.Qe5 Na6 43.Qa5 Qa8 44.Qb6 d2 45.Qd4 Qc8 46.Qxd2 Nb8 47.Qd6 Na6 48.
Bh5+ g6 49.Bf3 Nc7 50.h5 gxh5 51.Bxh5+ Kf6 52.Bf3 Ne8 53.Qd7 Qb8 54.Qh7 e5
55.Qxh6+ Ke7 56.Qh7+ Kd6 57.Qd7+ Kc5 58.Qd5+ Kb4 59.g4 Nf6 60.Qf7 e4 61.
Bxe4 Nxe4 62.Qb7+ 1-0

[Event "2nd EUR-ch (w)"]
[Site "Warsaw POL"]
[Date "2001.04.24"]
[Round "3.41"]
[White "Berend, Elvira"]
[Black "Schuurman, Petra"]
[Result "1/2-1/2"]
[WhiteElo "2312"]
[BlackElo "2193"]
[EventDate "2001.04.21"]
[PlyCount "84"]

1.e4 c6 2.c4 d5 3.cxd5 cxd5 4.exd5 Nf6 5.Bb5+ Nbd7 6.Nc3 g6 7.Nf3 Bg7 8.d6
exd6 9.O-O O-O 10.d4 a6 11.Bxd7 Bxd7 12.Bf4 Bg4 13.h3 Bxf3 14.Qxf3 Qb6 15.
Rfd1 Rac8 16.Rab1 Rfe8 17.Bg5 d5 18.Bxf6 Qxf6 19.Qxd5 b5 20.Qb3 Rcd8 21.a4
bxa4 22.Qxa4 Qf5 23.Ra1 Bf6 24.Qc4 Bh4 25.Rf1 Bf6 26.Rad1 Kg7 27.d5 Qc2 
28.Rb1 a5 29.Rfc1 Qf5 30.Rd1 Qc2 31.Qd3 Qxd3 32.Rxd3 Rb8 33.Rdd1 Rb4 34.d6
Rd8 35.Nd5 Rxb2 36.Rxb2 Bxb2 37.Nb6 Bf6 38.Rd5 h5 39.g3 Rb8 40.Nd7 Ra8 41.
Nb6 Rb8 42.Nd7 Ra8 1/2-1/2

[Event "2nd EUR-ch (w)"]
[Site "Warsaw POL"]
[Date "2001.04.24"]
[Round "3.42"]
[White "Mamedyarova, Zeinab"]
[Black "Calzetta Ruiz, Monica"]
[Result "0-1"]
[WhiteElo "2226"]
[BlackElo "2310"]
[EventDate "2001.04.21"]
[PlyCount "67"]

1.d4 Nf6 2.c4 c5 3.d5 b5 4.cxb5 a6 5.b6 e6 6.Nc3 Nxd5 7.Nxd5 exd5 8.Qxd5 
Nc6 9.e3 Be7 10.Nf3 Rb8 11.Bc4 O-O 12.O-O Rxb6 13.Rd1 Nb4 14.Qd2 d5 15.Be2
Be6 16.b3 Bf6 17.Bb2 a5 18.Rac1 Bxb2 19.Qxb2 Qe7 20.Rd2 Rc8 21.Qc3 h6 22.
h3 a4 23.a3 d4 24.exd4 Nd5 25.Qa5 axb3 26.Rb2 c4 27.Rxc4 Rxc4 28.Bxc4 Qb7 
29.Qd2 Qc6 30.Be2 Qa4 31.Ne5 Qxa3 32.Nc4 Qa1+ 33.Qd1 Qa4 34.Qd3 0-1

[Event "2nd EUR-ch (w)"]
[Site "Warsaw POL"]
[Date "2001.04.24"]
[Round "3.43"]
[White "Calotescu, Ana-Cristina"]
[Black "Popova, Natalia"]
[Result "0-1"]
[WhiteElo "2218"]
[BlackElo "2308"]
[EventDate "2001.04.21"]
[PlyCount "76"]

1.Nf3 Nf6 2.c4 g6 3.g3 c6 4.b3 Bg7 5.Bb2 O-O 6.Bg2 a5 7.O-O d5 8.Nc3 Na6 
9.d4 Bf5 10.Ne5 Ne4 11.cxd5 cxd5 12.Nxe4 Bxe4 13.f3 Bf5 14.Qd2 Qb6 15.Kh1 
Rfd8 16.Ng4 Be6 17.Ne3 Nb4 18.f4 f5 19.Bf3 Nc6 20.Rfd1 a4 21.Qd3 Nb4 22.
Qd2 axb3 23.axb3 Rxa1 24.Bxa1 Bf7 25.Bc3 Nc6 26.Qb2 e6 27.g4 Ra8 28.gxf5 
gxf5 29.Rg1 Kh8 30.Nc2 Rc8 31.e3 Ne7 32.Ne1 Ng6 33.Nd3 Qd8 34.Be1 Qe7 35.
b4 Be8 36.b5 Qd7 37.b6 Qa4 38.Bd1 Qxd1 0-1

[Event "2nd EUR-ch (w)"]
[Site "Warsaw POL"]
[Date "2001.04.24"]
[Round "3.44"]
[White "Grabarska, Barbara"]
[Black "Kulish, Irina"]
[Result "1-0"]
[WhiteElo "2213"]
[BlackElo "2302"]
[EventDate "2001.04.21"]
[PlyCount "117"]

1.e4 e6 2.d4 d5 3.Nd2 Nf6 4.e5 Nfd7 5.Bd3 c5 6.c3 Nc6 7.Ne2 cxd4 8.cxd4 f6
9.exf6 Nxf6 10.O-O Bd6 11.Nf3 O-O 12.Bf4 Bxf4 13.Nxf4 Ne4 14.g3 Ng5 15.Ne5
Nxe5 16.dxe5 Rxf4 17.gxf4 Nh3+ 18.Kh1 Nxf4 19.Rg1 Bd7 20.Qg4 Qf8 21.Rg3 
Bc6 22.Kg1 Qf7 23.Qh4 g6 24.Rd1 Rf8 25.Rd2 Qg7 26.Qg5 Nxd3 27.Rdxd3 Rf5 
28.Qd8+ Rf8 29.Qd6 Qf7 30.Rgf3 Qxf3 31.Rxf3 Rxf3 32.Qxe6+ Kg7 33.Qe7+ Rf7 
34.Qd6 a6 35.e6 Rf5 36.Qe7+ Kg8 37.Kf1 Rf8 38.Ke1 Rf5 39.Qd8+ Rf8 40.Qc7 
Rf6 41.Qd6 Rf8 42.f4 Rf5 43.Kd2 h6 44.Ke3 Kg7 45.Qc7+ Kg8 46.Kd4 Rf6 47.
Qd6 Rf5 48.h4 Kg7 49.Qc7+ Kg8 50.Kc5 Rf6 51.Qe5 Rf5 52.Qd4 Kh7 53.Kd6 Kg8 
54.Kc7 h5 55.e7 Kf7 56.Qh8 Kxe7 57.Qg7+ Rf7 58.Qxg6 Rxf4 59.Qd6+ 1-0

[Event "2nd EUR-ch (w)"]
[Site "Warsaw POL"]
[Date "2001.04.24"]
[Round "3.46"]
[White "Kosintseva, Nadezhda"]
[Black "Kadziolka, Beata"]
[Result "1-0"]
[WhiteElo "2289"]
[BlackElo "2164"]
[EventDate "2001.04.21"]
[PlyCount "57"]

1.e4 e6 2.Nf3 d5 3.Nc3 Nf6 4.e5 Nfd7 5.d4 c5 6.dxc5 Nc6 7.Bf4 Bxc5 8.Bd3 
f6 9.exf6 Nxf6 10.O-O O-O 11.Ne5 Ne4 12.Bxe4 Rxf4 13.Nd3 dxe4 14.Nxf4 Qc7 
15.Nxe4 Qxf4 16.Nxc5 b6 17.Nb3 Qc7 18.Qg4 e5 19.Qc4+ Kh8 20.f4 e4 21.Qxe4 
Bb7 22.Rae1 h6 23.Qg6 Rf8 24.Re8 Rxe8 25.Qxe8+ Kh7 26.Qe4+ Kh8 27.Re1 a5 
28.Qe8+ Kh7 29.Re6 1-0

[Event "2nd EUR-ch (w)"]
[Site "Warsaw POL"]
[Date "2001.04.24"]
[Round "3.47"]
[White "Cherednichenko, Svetlana"]
[Black "Fatalibekova, Elena"]
[Result "1-0"]
[WhiteElo "2203"]
[BlackElo "2284"]
[EventDate "2001.04.21"]
[PlyCount "71"]

1.d4 d6 2.c4 e5 3.d5 f5 4.Nc3 Nf6 5.Qc2 Be7 6.e4 fxe4 7.Nxe4 Nxe4 8.Qxe4 
O-O 9.g4 Nd7 10.h3 Nc5 11.Qg2 a5 12.Be3 Bg5 13.Bxc5 dxc5 14.Bd3 e4 15.Bxe4
Qe7 16.f3 Bh4+ 17.Kd1 Qe5 18.Qe2 Bf6 19.Rb1 b5 20.b3 bxc4 21.bxc4 Bd7 22.
Bc2 Qg3 23.Qh2 Qxh2 24.Rxh2 Bd4 25.Ne2 Rxf3 26.Nxd4 cxd4 27.Rb3 Raf8 28.
Ke1 R3f4 29.Rb7 Re8+ 30.Kd2 Rc8 31.c5 h5 32.c6 Be8 33.Bf5 Rd8 34.Rxc7 Bf7 
35.Rxf7 Kxf7 36.c7 1-0

[Event "2nd EUR-ch (w)"]
[Site "Warsaw POL"]
[Date "2001.04.24"]
[Round "3.49"]
[White "Georgieva, Liubka"]
[Black "Fomina, Tatjana"]
[Result "1/2-1/2"]
[WhiteElo "2162"]
[BlackElo "2278"]
[EventDate "2001.04.21"]
[PlyCount "93"]

1.e4 c5 2.Nf3 e6 3.d3 d5 4.Qe2 Nc6 5.g3 Nf6 6.Bg2 dxe4 7.dxe4 e5 8.c3 Be7 
9.O-O O-O 10.Nbd2 Qc7 11.Nh4 Bg4 12.Ndf3 Rad8 13.h3 Bh5 14.Nf5 Rd7 15.Bg5 
Rfd8 16.g4 Bg6 17.Nxe7+ Nxe7 18.Bxf6 gxf6 19.Rac1 Rd6 20.Rc2 Qd7 21.Nh2 
Rd2 22.Rxd2 Qxd2 23.Re1 Nc6 24.Nf1 Qf4 25.Qe3 b6 26.Qxf4 exf4 27.f3 Ne5 
28.Re2 Rd1 29.Rd2 Ra1 30.b3 h5 31.c4 hxg4 32.hxg4 Kg7 33.Kf2 Kh6 34.Nh2 
Kg5 35.Bf1 Nc6 36.Rb2 Nb4 37.a4 Rc1 38.Be2 Nc6 39.Nf1 Nd4 40.Nd2 a5 41.Rb1
Rc2 42.Ke1 Kh4 43.Bd1 Ra2 44.Rc1 Kg3 45.Rb1 Kg2 46.Rc1 Bh7 47.Rb1 1/2-1/2

[Event "2nd EUR-ch (w)"]
[Site "Warsaw POL"]
[Date "2001.04.24"]
[Round "3.54"]
[White "Klinova, Masha"]
[Black "Just, Anita"]
[Result "1-0"]
[WhiteElo "2368"]
[BlackElo "2061"]
[EventDate "2001.04.21"]
[PlyCount "109"]

1.e4 e6 2.d3 d5 3.Nd2 c5 4.Ngf3 Nf6 5.g3 g6 6.Bg2 Bg7 7.O-O O-O 8.Re1 Nc6 
9.c3 dxe4 10.dxe4 Qc7 11.Qe2 e5 12.Nc4 h6 13.a4 b6 14.Ne3 Be6 15.Nd2 Rad8 
16.Ndc4 Qc8 17.b3 Qc7 18.Bb2 Ne7 19.Rad1 Rxd1 20.Rxd1 Rd8 21.Rc1 Nc6 22.
Rd1 Rxd1+ 23.Qxd1 Ne7 24.Nd5 Nfxd5 25.exd5 Qd8 26.Ne3 Bc8 27.g4 Bb7 28.d6 
Nc6 29.d7 Na5 30.Bxb7 Nxb7 31.Qd5 Na5 32.b4 cxb4 33.cxb4 Nb3 34.Qxb3 Qxd7 
35.b5 Qd2 36.Qc2 Qb4 37.h3 Qe1+ 38.Kg2 Qb4 39.Bc3 Qa3 40.Bd2 Qd6 41.Qc8+ 
Kh7 42.Bc3 Qd3 43.Qc4 Qd7 44.Qd5 Qe7 45.Nc4 f6 46.Bd2 f5 47.a5 bxa5 48.
Nxa5 fxg4 49.hxg4 Qh4 50.Qf3 Qd8 51.Bb4 Qd7 52.Nc6 Qb7 53.Qd5 e4 54.Ne7 
Qb6 55.Qg8# 1-0

[Event "2nd EUR-ch (w)"]
[Site "Warsaw POL"]
[Date "2001.04.24"]
[Round "3.57"]
[White "Nill, Jessica"]
[Black "Aginian, Nelly"]
[Result "0-1"]
[WhiteElo "2263"]
[BlackElo "2192"]
[EventDate "2001.04.21"]
[PlyCount "112"]

1.d4 Nf6 2.c4 g6 3.Nc3 d5 4.Bg5 Ne4 5.Bf4 Nxc3 6.bxc3 dxc4 7.e3 Bg7 8.Bxc4
O-O 9.Nf3 c5 10.O-O Nc6 11.h3 Na5 12.Be2 Be6 13.Ng5 Bd7 14.Ne4 cxd4 15.
cxd4 Rc8 16.Rc1 Bc6 17.Nc3 Re8 18.Bg3 a6 19.Bf3 b5 20.Bxc6 Rxc6 21.Qf3 Qc8
22.Ne2 Rxc1 23.Rxc1 Nc4 24.a4 Qd7 25.axb5 axb5 26.Nc3 e5 27.d5 f5 28.Qd1 
Rf8 29.Qb3 f4 30.Qxb5 Qxb5 31.Nxb5 Nb6 32.Bh4 Nxd5 33.e4 Nb6 34.Rc7 Rc8 
35.Rxc8+ Nxc8 36.Bd8 Kf7 37.Kf1 Ke8 38.Ba5 Kd7 39.Ke2 Kc6 40.Nc3 Nd6 41.
Bb4 Nb5 42.Nd5 Nc7 43.Nc3 Nb5 44.Nd1 Nd4+ 45.Kd3 Kb5 46.Ba3 Kc6 47.Be7 Kd7
48.Bc5 Ne6 49.Kc4 f3 50.gxf3 Ng5 51.Kd5 Nxh3 52.Be3 h5 53.Nc3 Ng1 54.Na4 
Nxf3 55.Nc5+ Ke7 56.Ne6 Bf6 0-1